Les albums de Johan et Pirlouit - Statistiques

Statistiques générales
  • Ce quiz a été pris 54 fois
  • Le résultat moyen est 9 sur 17
Statistiques - réponses
Année Album % Correct
1960 La Flûte à six schtroumpfs
87%
1956 Le Lutin du Bois aux Roches
71%
1964 Le Pays maudit
71%
1956 La Pierre de Lune
63%
1954 Le Châtiment de Basenhau
61%
2001 La Rose des sables
53%
1957 La Source des dieux
53%
1970 Le Sortilège de Maltrochu
53%
1959 La Flèche noire
50%
1954 Le Maître de Roucybeuf
47%
1957 Le Serment des Vikings
47%
1961 La Guerre des sept fontaines
45%
1962 L'Anneau des Castellac
45%
1995 Les Troubadours de Roc-à-Pic
45%
1994 La Horde du corbeau
42%
1960 Le Sire de Montrésor
39%
1998 La Nuit des sorciers
37%
Aucun quiz correspondant
Distribution des résultats
% des personnes avec chaque résultat
Percentile par nombre de réponses
Votre historique - résultats
Vous n’avez pas pris ce quiz